00427nam a2200133Ia 4500008004100000041000800041082001400049100002600063245009400089260003600183300001900219365000900238520004600247240719s9999 xx 000 0 und d aeng a658.7 MOR aMosbacher Morris Jane aBuy The Change You Want To See Use Your Purchesing Power To Make The World A Better Place aNew YorkbTarcherperigee,c2019 a262.; P. 20 Cm cb17 aGifted By : IMT Faculty Dr. senthil kumar